ADHD & LD : Powerful teaching strategies & accommodations

Đã lưu trong:
Bibliografiske detaljer
Hovedforfatter: Rief, Sandra
Format: Bog
Sprog:Undetermined
Udgivet: Education Resource Specialists 2004
Fag:
Tags: Tilføj Tag
Ingen Tags, Vær først til at tagge denne postø!
Thư viện lưu trữ: Trung tâm Học liệu Trường Đại học Cần Thơ
LEADER 00529nam a2200193Ia 4500
001 CTU_105720
008 210402s9999 xx 000 0 und d
020 |c 116.96 
082 |a 371.102 
082 |b R553 
100 |a Rief, Sandra 
245 0 |a ADHD & LD : 
245 0 |b Powerful teaching strategies & accommodations 
245 0 |c Sandra Rief 
260 |b Education Resource Specialists 
260 |c 2004 
650 |a Effective teaching 
904 |i Tuyến 
980 |a Trung tâm Học liệu Trường Đại học Cần Thơ